000
00302nam a2200133Ia 4500
100
_a
Swinehart/ H.J. ed.
942
_c
BK
654
_a
Cutting tool material
245
_a
Cutting tool material selection
260
_b
Astme
_a
Michigan
_c
1967
082
_a
621.93
300
_a
155
546
_a
ENGLISH
999
_c
29256
_d
29256